Countries that Visit Hungary the Most - Statistics

General Stats
  • This quiz has been taken 1,219 times
  • The average score is 9 of 10
Answer Stats
Rank Country # of visitors % Correct
2 United Kingdom 376,573
98%
1 Germany 553,570
97%
3 Austria 329,904
92%
5 United States 275,314
92%
10 France 168,136
91%
9 Slovakia 198,061
91%
7 Poland 267,257
90%
4 Romania 283,496
89%
8 Italy 258,858
88%
6 Czech Republic 273,165
77%
No matching quizzes found
Score Distribution
Percent of People with Each Score
Percentile by Number Answered
Your Score History
You have not taken this quiz